बेनकाब सत्य / (Record no. 119247)

MARC details
000 -LEADER
fixed length control field 01085nam a22002537a 4500
005 - DATE AND TIME OF LATEST TRANSACTION
control field 20170124103130.0
010 ## - LIBRARY OF CONGRESS CONTROL NUMBER
LC control number B-154405
020 ## - INTERNATIONAL STANDARD BOOK NUMBER
Terms of availability 100.00
International Standard Book Number 8190240331
035 ## - SYSTEM CONTROL NUMBER
System control number B-154405
037 ## - SOURCE OF ACQUISITION
Source of stock number/acquisition Cen Lib/Ret
040 ## - CATALOGING SOURCE
Original cataloging agency DPL
Language of cataloging HN
082 ## - DEWEY DECIMAL CLASSIFICATION NUMBER
Classification number 827
Item number गुप्ताम
100 ## - MAIN ENTRY--PERSONAL NAME
Personal name गुप्ता, मंजू
9 (RLIN) 84003
245 ## - TITLE STATEMENT
Title बेनकाब सत्य /
Statement of responsibility, etc मंजू गुप्ता
246 ## - VARYING FORM OF TITLE
Title proper/short title Benkab satya
Remainder of title by Manju Gupta
260 ## - PUBLICATION, DISTRIBUTION, ETC. (IMPRINT)
Place of publication, distribution, etc जयपुर
Name of publisher, distributor, etc रुद्राक्ष ट्रैडलिंक प्रकाशन
Date of publication, distribution, etc 2005
270 ## - ADDRESS
Address आर.15-ए , युधिष्ठर मार्ग सी -स्कीम
City जयपुर
Postal code 302017
300 ## - PHYSICAL DESCRIPTION
Extent 86पृष्ठ.
Dimensions 21सेमी(सजिल्द)
650 ## - SUBJECT ADDED ENTRY--TOPICAL TERM
Topical term or geographic name as entry element हिंदी साहित्य
9 (RLIN) 84004
650 ## - SUBJECT ADDED ENTRY--TOPICAL TERM
Topical term or geographic name as entry element व्यंग्य विधाएं - रचनाएँ
9 (RLIN) 84005
650 ## - SUBJECT ADDED ENTRY--TOPICAL TERM
Topical term or geographic name as entry element hindi literature
9 (RLIN) 84006
650 ## - SUBJECT ADDED ENTRY--TOPICAL TERM
Topical term or geographic name as entry element Satire Genres - Compositions
9 (RLIN) 84007
942 ## - ADDED ENTRY ELEMENTS (KOHA)
Source of classification or shelving scheme Dewey Decimal Classification
Koha item type Hindi Books
Classification part 827
Call number suffix गुप्ताम
Holdings
Withdrawn status Lost status Damaged status Not for loan Home library Current library Date acquired Source of acquisition Cost, normal purchase price Total Checkouts Full call number Barcode Date last seen Date checked out Copy number Cost, replacement price Price effective from Koha item type Source of classification or shelving scheme Collection code Public note
        Central Library Central Library 16/09/2015 Cen Lib/Ret 100.00 2 827 गुप्ताम B-154405 05/05/2025 26/04/2025 1 100.00 16/09/2015 Hindi Books      
        Sarojini Nagar Sarojini Nagar 14/10/2021   100.00   827 गुप्ताम B-154407 14/10/2021       14/10/2021 Hindi Books Dewey Decimal Classification Fiction Withdrawn List Prepared L.No.47/11

© Delhi Public Library
Hit Counter
free hit counter